Spelling Bee – Sudden Death - Statistics

General Stats
  • This quiz has been taken 6,034 times
    3,480 since last reset
  • The average score is 4 of 11
Answers on the Grid
Answers color-coded by a green-red scale on the quiz's grid according to % correct below.
Yohgurt
Nessessary
Broccolli
Sacreligious
Maintainance
Irreverant
Embarass
Bureaucrasy
Cementary
Chauffeur
Pharaoh
Circumference
Definitely
Harass
Psychiatrist
Pronunciation
Surveillance
Ridiculous
Entrepreneur
Bachelor
 
Answer Stats
Answer % Correct
Definitely
48%
Ridiculous
48%
Bachelor
47%
Pharaoh
42%
Psychiatrist
41%
Chauffeur
39%
Circumference
39%
Entrepreneur
39%
Surveillance
39%
Pronunciation
35%
Harass
24%
No matching quizzes found
Score Distribution
Percent of People with Each Score
Percentile by Number Answered
Your Score History
You have not taken this quiz since the last reset